| 000 | 01101nam a22002537a 4500 | ||
|---|---|---|---|
| 005 | 20170123164154.0 | ||
| 010 | _aB-047266 | ||
| 020 |
_a8171162959 _c100.00 |
||
| 035 | _aB-047266 | ||
| 037 | _aCen Lib / Ret | ||
| 040 |
_aDPL _bPN |
||
| 082 |
_a857 _bਗਰਗ |
||
| 100 |
_aਗਰਗ, ਕੇ. ਐਲ. _942260 |
||
| 245 |
_aਬੇਈਮਾਨ ਦਾ ਭਾਸ਼ਨ / _cਕੇ. ਐਲ. ਗਰਗ _bਸੰਨ 2000 ਦਾ ਚੇਣਵਾਂ ਪੰਜਾਬੀ ਹਾਮ-ਵਿਅੇਗ / |
||
| 246 |
_aBeimaan da bhashan : selected punjabi & satire 2000 / _bby K. L. Garg |
||
| 260 |
_aਦਿੱਲੀ _bਨੈਸ਼ਨਲ਼ ਬੂਕ ਸ਼ਾਪ _c2000 |
||
| 270 |
_aਪ੍ਲੇਆਸੁਰ ਗਾਰਡਨ ਮਾਰਕਿਟ, ਚਾਂਦਨੀ ਚੋਕ ਦਿੱਲੀ _bਦਿੱਲੀ _e੧੧੦੦੦੬ |
||
| 300 |
_a136p. _c23cm(Hb) |
||
| 650 |
_aਪੰਜਾਬੀ ਵਿਅੰਗ _9130046 |
||
| 650 |
_aਪੰਜਾਬੀ ਸਾਹਿਤ _9130047 |
||
| 650 |
_aPunjabi Irony _97379 |
||
| 650 |
_aPunjabi Literature _9781 |
||
| 942 |
_2ddc _cPN _h857 _mਗਰਗ |
||
| 999 |
_c110534 _d110534 |
||